000 00266nam a2200121 a 4500
008 110105s1975|||| d
100 1 _aLenin, V. I.
245 1 0 _aMládeži
260 _bSmena
_aBratislava
_c1975
020 _c11
044 _axo
_cSK
041 _aslo
999 _c15494
_d15494